Educación: fragua de una democracia /
| Үндсэн зохиолч: | |
|---|---|
| Бусад зохиолчид: | |
| Формат: | Ном |
| Хэл сонгох: | испани |
| Хэвлэсэн: |
San José, Costa Rica. :
Editorial de la Universidad de Costa Rica,
1978
|
| Нөхцлүүд: |
MARC
| LEADER | 00000nam a2200000Ia 4500 | ||
|---|---|---|---|
| 008 | 171128b1978 cr ||||| |||| 00| 0 spa d | ||
| 999 | |c 1469 |d 1469 | ||
| 090 | |a 06.02.01 |b 1736 | ||
| 100 | 1 | |a Monge Alfaro, Carlos |9 3288 | |
| 245 | 1 | 0 | |a Educación: fragua de una democracia / |c Carlos Monge Alfaro; Francisco Rivas Ríos |
| 260 | |a San José, Costa Rica. : |b Editorial de la Universidad de Costa Rica, |c 1978 | ||
| 300 | |a 202 páginas | ||
| 650 | 1 | 4 | |a EDUCACIÓN |9 1 |
| 651 | 4 | |9 47 |a COSTA RICA | |
| 700 | 1 | |a Rivas Ríos, Francisco |9 3289 | |
| 942 | |i 002821 |h 06.02.01 1736 |2 z |c 01 | ||
